<?xml version="1.0" encoding="UTF-8"?>
<record
    xmlns:xsi="http://www.w3.org/2001/XMLSchema-instance"
    xsi:schemaLocation="http://www.loc.gov/MARC21/slim http://www.loc.gov/standards/marcxml/schema/MARC21slim.xsd"
    xmlns="http://www.loc.gov/MARC21/slim">

  <leader>04782cam a2200433   4500500</leader>
  <controlfield tag="005">20260405004944.0</controlfield>
  <datafield tag="041" ind1=" " ind2=" ">
    <subfield code="a">fre</subfield>
  </datafield>
  <datafield tag="042" ind1=" " ind2=" ">
    <subfield code="a">dc</subfield>
  </datafield>
  <datafield tag="100" ind1="1" ind2="0">
    <subfield code="a">Curien, Nicolas</subfield>
    <subfield code="e">author</subfield>
  </datafield>
  <datafield tag="245" ind1="0" ind2="0">
    <subfield code="a">R&#xE9;seaux et territoires au rythme des mutations technologiques&#xA0;: une mod&#xE9;lisation g&#xE9;o&#xE9;conomique simple</subfield>
  </datafield>
  <datafield tag="260" ind1=" " ind2=" ">
    <subfield code="c">2016.
							</subfield>
  </datafield>
  <datafield tag="500" ind1=" " ind2=" ">
    <subfield code="a">2</subfield>
  </datafield>
  <datafield tag="520" ind1=" " ind2=" ">
    <subfield code="a">Les grands syst&#xE8;mes en r&#xE9;seaux sujets &#xE0; un progr&#xE8;s technique soutenu, comme les r&#xE9;seaux de communication &#xE9;lectronique fixes et mobiles, donnent lieu, avec une p&#xE9;riodicit&#xE9; d&#x2019;une ou quelques dizaines d&#x2019;ann&#xE9;es, &#xE0; une succession de g&#xE9;n&#xE9;rations, chacune se substituant &#xE0; la pr&#xE9;c&#xE9;dente, telle la g&#xE9;n&#xE9;ration nG de t&#xE9;l&#xE9;phonie mobile &#xE0; la g&#xE9;n&#xE9;ration (n-1)G, ou la fibre optique au cuivre dans le r&#xE9;seau de t&#xE9;l&#xE9;phonie fixe. Ce ph&#xE9;nom&#xE8;ne affecte en r&#xE9;alit&#xE9; de nombreux r&#xE9;seaux, notamment de transport et d&#x2019;&#xE9;nergie, pour peu qu&#x2019;on les observe sur une &#xE9;chelle de temps adapt&#xE9;e, par exemple s&#xE9;culaire. Cet article vise &#xE0; d&#xE9;velopper une mod&#xE9;lisation g&#xE9;o&#xE9;conomique simple de l&#x2019;impact socio&#xE9;conomique que la transition d&#x2019;une g&#xE9;n&#xE9;ration technologique &#xE0; la suivante exerce sur&#xA0;: ( i) l&#x2019;accessibilit&#xE9; fournie &#xE0; la population dans diverses zones du territoire diff&#xE9;renci&#xE9;es selon leur densit&#xE9; d&#xE9;mographique&#xA0;; ( ii) la fracture sociotechnique s&#xE9;parant les acc&#xE9;dants &#xE0; la g&#xE9;n&#xE9;ration la plus r&#xE9;cente des non-acc&#xE9;dants&#xA0;; ( iii) la d&#xE9;pendance syst&#xE9;mique cr&#xE9;&#xE9;e par l&#x2019;irr&#xE9;versibilit&#xE9; de la transition. Prenant en compte la variation spatiale des co&#xFB;ts de connexion, le mod&#xE8;le r&#xE9;v&#xE8;le en particulier que la planification optimale du d&#xE9;ploiement d&#x2019;une technologie nouvelle peut conduire &#xE0; ne pas installer celle-ci dans les zones les plus recul&#xE9;es du territoire, si la technologie pr&#xE9;existante y est suffisamment r&#xE9;siliente ou am&#xE9;liorable, ou encore si elle est rempla&#xE7;able par une technologie tierce dont le co&#xFB;t de mise en &#x153;uvre est peu d&#xE9;pendant de la distance, tel le satellite dans le domaine des communications &#xE9;lectroniques. L&#x2019;originalit&#xE9; de notre approche r&#xE9;side en un mariage des concepts &#xE9;conomiques et g&#xE9;ographiques, en vue de construire une maquette stylis&#xE9;e qui &#xE9;claire les enjeux d&#x2019;une action conjointe des ing&#xE9;nieurs et des am&#xE9;nageurs au cours d&#x2019;un cycle de renouvellement technologique.</subfield>
  </datafield>
  <datafield tag="520" ind1=" " ind2=" ">
    <subfield code="a">Large technical systems subject to a rapid rate of technological progress, such as fixed line and wireless electronic communications networks, give rise over one or more decades to successive generations, each substituting its precedent, as for mobile telephony nG after (n-1)G or optical fiber following copper in fixed telephony networks. This process prevails for many networks, including transportation and energy, when observed at a proper scale of time. This paper builds a simple geo-economic model of the socioeconomic impact of a transition from an existing technical generation to the following one, as regards&#xA0;: (i) accessibility provided to populations within various territorial areas of differing demographic densities&#xA0;; (ii) the socio-technical divide separating adopters from non-adopters of the last available generation&#xA0;; (iii) the systemic dependency generated by the irreversibility of the technological transition. Taking the spatial variability of connection costs into account, the model shows that the optimal roll-out of a new technology may consist in not covering the most remote areas, provided that the preexisting technology there is resilient enough or may be upgraded or replaced by an alternative technology the cost of which is not significantly dependent on distance, such as satellite in the case of electronic communications. The originality of this approach lies in a marriage of economic and geographic concepts in the construction of an elementary model which sheds light on the stakes arising from the joint action of engineers and territorial planners along the path of technological renewal.</subfield>
  </datafield>
  <datafield tag="690" ind1=" " ind2=" ">
    <subfield code="a">accessibilit&#xE9;</subfield>
  </datafield>
  <datafield tag="690" ind1=" " ind2=" ">
    <subfield code="a">am&#xE9;nagement</subfield>
  </datafield>
  <datafield tag="690" ind1=" " ind2=" ">
    <subfield code="a">communication &#xE9;lectronique</subfield>
  </datafield>
  <datafield tag="690" ind1=" " ind2=" ">
    <subfield code="a">d&#xE9;pendance</subfield>
  </datafield>
  <datafield tag="690" ind1=" " ind2=" ">
    <subfield code="a">effets de club</subfield>
  </datafield>
  <datafield tag="690" ind1=" " ind2=" ">
    <subfield code="a">fracture</subfield>
  </datafield>
  <datafield tag="690" ind1=" " ind2=" ">
    <subfield code="a">progr&#xE8;s technique</subfield>
  </datafield>
  <datafield tag="690" ind1=" " ind2=" ">
    <subfield code="a">r&#xE9;seau</subfield>
  </datafield>
  <datafield tag="690" ind1=" " ind2=" ">
    <subfield code="a">r&#xE9;silience</subfield>
  </datafield>
  <datafield tag="690" ind1=" " ind2=" ">
    <subfield code="a">temps</subfield>
  </datafield>
  <datafield tag="690" ind1=" " ind2=" ">
    <subfield code="a">territoire</subfield>
  </datafield>
  <datafield tag="690" ind1=" " ind2=" ">
    <subfield code="a">accessibility</subfield>
  </datafield>
  <datafield tag="690" ind1=" " ind2=" ">
    <subfield code="a">addiction</subfield>
  </datafield>
  <datafield tag="690" ind1=" " ind2=" ">
    <subfield code="a">club effects</subfield>
  </datafield>
  <datafield tag="690" ind1=" " ind2=" ">
    <subfield code="a">divide</subfield>
  </datafield>
  <datafield tag="690" ind1=" " ind2=" ">
    <subfield code="a">electronic communication</subfield>
  </datafield>
  <datafield tag="690" ind1=" " ind2=" ">
    <subfield code="a">network</subfield>
  </datafield>
  <datafield tag="690" ind1=" " ind2=" ">
    <subfield code="a">planning</subfield>
  </datafield>
  <datafield tag="690" ind1=" " ind2=" ">
    <subfield code="a">resilience</subfield>
  </datafield>
  <datafield tag="690" ind1=" " ind2=" ">
    <subfield code="a">technical progress</subfield>
  </datafield>
  <datafield tag="690" ind1=" " ind2=" ">
    <subfield code="a">territory</subfield>
  </datafield>
  <datafield tag="690" ind1=" " ind2=" ">
    <subfield code="a">time</subfield>
  </datafield>
  <datafield tag="786" ind1="0" ind2=" ">
    <subfield code="n">Flux | 106 | 4 | 2016-12-31 | p. 7-26 | 1154-2721</subfield>
  </datafield>
  <datafield tag="856" ind1="4" ind2="1">
    <subfield code="u">https://shs.cairn.info/revue-flux-2016-4-page-7?lang=fr&amp;redirect-ssocas=7080</subfield>
  </datafield>
  <datafield tag="999" ind1=" " ind2=" ">
    <subfield code="c">2079766</subfield>
    <subfield code="d">2079766</subfield>
  </datafield>
</record>
